00000000nam##2200000za#4500
0019.634714
003CaOODSP
00520210624215916
007cr |||||||||||
008150407|2001||||xxc|||||o    f|0| 0 fre|d
040 |aCaOODSP|bfre
043 |an-cn---
0861 |aC86-133/2001F-PDF
1101 |aCanada.|bIndustrie Canada. |bCommission canadienne du tourisme.
24513|aLe patrimoine naturel - pratiques exemplaires de collaboration entre les parcs et les exploitants en tourisme de plein-air / |h[ressource électronique]|cPréparé par Pam Wight and Associates pour la Commission canadienne du tourisme.
260 |aOttawa - Ontario : |bIndustrie Canada. |c2001.
300 |a123p.
500 |aLe n° de catalogue (C86-133/2001F) et ISBN (0-662-86457-3) pour l'édition imprimée ont été incorrectement copiés dans cette édition PDF.
590 |a07-06-Supp|b2007-11-30
69107|aLoisir de plein air|2gcpds
69107|aMeilleure pratique|2gcpds
69107|aParc|2gcpds
69107|aTourisme|2gcpds
7102 |aPam Wight Associates.
77508|tBest practices in natural heritage collaborations - parks and outdoor tourism operators / |w(CaOODSP)9.690348
85640|ahttp://publications.gc.ca|qPDF|s911 Ko|uhttps://publications.gc.ca/collections/collection_2007/ic/C86-133-2001F.pdf